Překážkové běhy /

Uložené v:
Podrobná bibliografia
Hlavný autor: Šťastný, Otakar 1934- (Author)
Médium: Kniha
Jazyk:Czech
Vydané: Praha : Sportovní a turistické nakladatelství, 1963.
Vydanie:1. vyd.
Edícia:Atletika do kapsy sv. 5
ISBN: (brož.
Fyzický popis: 41 s. : obr., fotogr. príl.
Tagy: Pridať tag
Žiadne tagy, Buďte prvý kto otaguje tento záznam!

MARC

LEADER 00000cam a22000007a 4500
001 000422250
005 20130619073751.0
008 960611 1963 xr cze d
020 |a (brož.  |c Kčs 3,00 
040 |a SVKKK  |b slo  |c SVKKK  |e AACR2 
041 0 |a cze 
044 |a xr  |c CZ 
100 1 |a Šťastný, Otakar  |d 1934-  |4 aut 
245 1 0 |a Překážkové běhy /  |c Otakar Šťastný. 
250 |a 1. vyd. 
260 |a Praha :  |b Sportovní a turistické nakladatelství,  |c 1963. 
300 |a 41 s. :  |b obr., fotogr. príl. 
490 1 |a Atletika do kapsy  |v sv. 5 
830 0 |a Atletika do kapsy  |v sv. 5 
910 |a svkkk 
998 |a BK 
090 |g SCKHL  |k Sklad Hlavná 10 suterén  |a I.24420  |j 321844  |i 2720424530  |s Absenčne 
090 |g SCKHL  |k Sklad Hlavná 10 suterén  |a I.24421  |j 321845  |i 2720424529  |s Absenčne